Colleges by City #1 - Statistics

General Stats
  • This quiz has been taken 86 times
  • The average score is 13 of 20
Answer Stats
Hint Answer % Correct
Eugene, Oregon Oregon
95%
Tallahassee, Florida Florida State
90%
Baton Rouge, Louisiana LSU
86%
Pullman, Washington Washington State
86%
Oxford, Mississippi Ole Miss
85%
Las Vegas, Nevada UNLV
83%
Fayetteville, Arkansas Arkansas
82%
State College, Pennsylvania Penn State
82%
Las Cruces, New Mexico New Mexico State
81%
Cambridge, Massachusetts Harvard
77%
Wichita, Kansas Wichita State
72%
Ithaca, New York Cornell
64%
Palo Alto, California Stanford
64%
Evanston, Illinois Northwestern
62%
Hanover, New Hampshire Dartmouth
53%
Fort Collins, Colorado Colorado State
51%
Statesboro, Georgia Georgia Southern
45%
St. George, Utah Utah Tech
24%
Waterville, Maine Colby
19%
Clarksville, Tennessee Austin Peay
18%
No matching quizzes found
Score Distribution
Percent of People with Each Score
Percentile by Number Answered
Your Score History
You have not taken this quiz